Current Chevrolet Models - Statistics

General Stats
  • This quiz has been taken 288 times
  • The average score is 11 of 17
Answer Stats
Hint Answer % Correct
Truck Silverado
89%
Perfomance Camaro
87%
Performance Corvette
87%
Car Impala
77%
Car Malibu
77%
Crossover/SUV Equinox
70%
Car Cruze
69%
Crossover/SUV Tahoe
67%
Truck Colorado
66%
Crossover/SUV Suburban
65%
Car Volt
57%
Crossover/SUV Traverse
56%
Car Spark
52%
Car Sonic
46%
Crossover/SUV Trax
40%
Van Express
39%
Performance SS
38%
No matching quizzes found
Score Distribution
Percent of People with Each Score
Percentile by Number Answered
Your Score History
You have not taken this quiz